<The> Surprising Power of Liberating Structures Simple Rules to Unleash a Culture of Innovation

Salvato in:
Dettagli Bibliografici
Autore principale: Lipmanowicz, Henri
Altri autori: McCandless, Keith
Natura: Libro
Lingua:inglese
Pubblicazione: Seattle Liberating Structures Press 2013
Soggetti:
Tags: Aggiungi Tag
Nessun Tag, puoi essere il primo ad aggiungerne!!

MARC

LEADER 00000nam a2200000 4500
001 0246903
005 20240306140447.1
020 |a 9780615893372 
020 |a 0615893376 
041 0 |a eng 
044 |a US 
245 1 0 |a <The> Surprising Power of Liberating Structures  |b Simple Rules to Unleash a Culture of Innovation  |c Henri Lipmanowicz, Keith McCandless 
264 1 |a Seattle  |b Liberating Structures Press  |c 2013 
300 |a 353 s. 
610 2 0 |a lídri 
610 2 0 |a podnik 
610 2 0 |a organizácie 
610 2 0 |a transformácia 
610 2 0 |a inovácia 
610 2 0 |a konverzácia 
610 2 0 |a tímy pracovné 
610 2 0 |a zmeny organizačné 
610 2 0 |a metódy 
610 2 0 |a manažéri 
610 2 0 |a štruktúra podniku organizačná 
610 2 0 |a liberalizácia 
610 2 0 |a legislatíva 
610 2 0 |a štúdie prípadové 
100 1 |a Lipmanowicz, Henri 
700 1 |a McCandless, Keith